header

Update on undertaking extractable and leachable testing (Record no. 115263)

MARC details
000 -LEADER
fixed length control field 01115nam a2200277 a 4500
100 1# - MAIN ENTRY--AUTHOR NAME
Personal name Feilden, Andrew.
245 10 - TITLE STATEMENT
Title Update on undertaking extractable and leachable testing
260 ## - PUBLICATION, DISTRIBUTION, ETC. (IMPRINT)
Place of publication Shrewsbury [England] :
Name of publisher iSmithers,
Year of publication 2011, c2010.
300 ## - PHYSICAL DESCRIPTION
Number of Pages x, 168 p. :
Other physical details ill.
650 #0 - SUBJECT ADDED ENTRY--TOPICAL TERM
Topical Term Extraction (Chemistry)
856 40 - ELECTRONIC LOCATION AND ACCESS
Uniform Resource Identifier http://site.ebrary.com/lib/rucke/Doc?id=10476340

No items available.

© 2026 Rongo University
Contact us: librarian | system librarian | Rongo university